| 000 | 00564cam a2200229ua 4500 | ||
|---|---|---|---|
| 020 | _cRs 3.50 | ||
| 041 |
_aeng _h |
||
| 082 |
_a516 _bSRI/JU |
||
| 100 | _aSrinivasan, G A. | ||
| 245 |
_aJunior geometry for colleges / _cSrinivasan G A. _hTextual Documents |
||
| 250 |
_a5 / _b. |
||
| 260 |
_aLondon : _bOrient-Longman Ltd , _c1964. |
||
| 300 | _a297 ; . | ||
| 365 | _aRs 3.50 | ||
| 504 | _a | ||
| 650 | _aGeometry | ||
| 700 | 1 | _aKrishnamachari, C. | |
| 700 | 1 | _aKrishnamachari, C. | |
| 942 | _cBK | ||
| 999 |
_c235 _d235 |
||